Farm machinery: (Record no. 18656)
[ view plain ]
| 000 -LEADER | |
|---|---|
| fixed length control field | 01055nam a2200385 a 4500 |
| 001 - CONTROL NUMBER | |
| control field | vtls000014926 |
| 003 - CONTROL NUMBER IDENTIFIER | |
| control field | NLI |
| 005 - DATE AND TIME OF LATEST TRANSACTION | |
| control field | 20210601181503.0 |
| 008 - FIXED-LENGTH DATA ELEMENTS--GENERAL INFORMATION | |
| fixed length control field | 101125s1964 enkf 001 0 eng |
| 020 ## - INTERNATIONAL STANDARD BOOK NUMBER | |
| Terms of availability | Rs. 25.00 |
| 039 #9 - LEVEL OF BIBLIOGRAPHIC CONTROL AND CODING DETAIL [OBSOLETE] | |
| -- | 201011250115 |
| -- | VLOAD |
| 040 0# - CATALOGING SOURCE | |
| Original cataloging agency | NLI |
| Language of cataloging | eng |
| Transcribing agency | VERGIS-2003 |
| 041 0# - LANGUAGE CODE | |
| Language code of text/sound track or separate title | eng |
| 044 ## - COUNTRY OF PUBLISHING/PRODUCING ENTITY CODE | |
| MARC country code | enk |
| 082 04 - DEWEY DECIMAL CLASSIFICATION NUMBER | |
| Classification number | 631.3 |
| 100 1# - MAIN ENTRY--PERSONAL NAME | |
| Personal name | Turner, J.C. |
| 9 (RLIN) | 50469 |
| 245 10 - TITLE STATEMENT | |
| Title | Farm machinery: |
| Remainder of title | operation and care/ |
| Statement of responsibility, etc. | J.C. Turner |
| 260 ## - PUBLICATION, DISTRIBUTION, ETC. | |
| Place of publication, distribution, etc. | London: |
| Name of publisher, distributor, etc. | Cassell, |
| Date of publication, distribution, etc. | 1964 |
| 300 ## - PHYSICAL DESCRIPTION | |
| Extent | ix, 193 p.: |
| Other physical details | plate; |
| Dimensions | 22 cm. |
| 500 ## - GENERAL NOTE | |
| General note | Includes index |
| 650 #0 - SUBJECT ADDED ENTRY--TOPICAL TERM | |
| Topical term or geographic name entry element | Agricultural machinery |
| General subdivision | Lubrication |
| 9 (RLIN) | 50470 |
| 650 #0 - SUBJECT ADDED ENTRY--TOPICAL TERM | |
| Topical term or geographic name entry element | Farm tractors |
| 9 (RLIN) | 50471 |
| 650 #0 - SUBJECT ADDED ENTRY--TOPICAL TERM | |
| Topical term or geographic name entry element | Cultivation |
| 9 (RLIN) | 50472 |
| 650 #0 - SUBJECT ADDED ENTRY--TOPICAL TERM | |
| Topical term or geographic name entry element | Spraying equipment |
| 9 (RLIN) | 50473 |
| 650 #0 - SUBJECT ADDED ENTRY--TOPICAL TERM | |
| Topical term or geographic name entry element | Farm equipment |
| 9 (RLIN) | 50474 |
| 887 ## - NON-MARC INFORMATION FIELD | |
| Content of non-MARC field | S. Muthiah |
| 901 ## - LOCAL DATA ELEMENT A, LDA (RLIN) | |
| a | 372580 |
| b | 16/02/1965 |
| 902 ## - LOCAL DATA ELEMENT B, LDB (RLIN) | |
| a | E 631.3 T 854 |
| 903 ## - LOCAL DATA ELEMENT C, LDC (RLIN) | |
| a | 04/03/04 |
| 904 ## - LOCAL DATA ELEMENT D, LDD (RLIN) | |
| a | S. Muthiah |
| 906 ## - LOCAL DATA ELEMENT F, LDF (RLIN) | |
| a | 013967 |
| 949 ## - LOCAL PROCESSING INFORMATION (OCLC) | |
| -- | VIRTUAITEM |
| -- | 10000 |
| -- | 1 |
| -- | 100 |
| 6 | PUR000372580ENG |
| a | E 631.3 T854 |
| 942 ## - ADDED ENTRY ELEMENTS (KOHA) | |
| Source of classification or shelving scheme | Dewey Decimal Classification |
| Koha item type | Books |
| Withdrawn status | Lost status | Damaged status | Not for loan | Collection code | Home library | Current library | Shelving location | Date acquired | Total Checkouts | Full call number | Barcode | Date last seen | Price effective from | Koha item type |
|---|---|---|---|---|---|---|---|---|---|---|---|---|---|---|
| New English | National Library of India | National Library of India | New English - Main Stack Division | E 631.3 T 854 | PUR000372580ENG | 01/06/2021 | 01/06/2021 | Books |
